000 00324nam a22001337a 4500
008 171010b xxu||||| |||| 00| 0 eng d
020 _a9780312096526
041 _aeng
080 _23RD
_a316
100 _a50
101 _aSOC
245 _aRACE, CLASS, AND GENDER IN THE UNITED STATES
_cROTHENBERG,P.S
942 _2udc
_cBK
999 _c32982
_d32982